000 00262nam a2200121Ia 4500
008 190216s9999||||xx |||||||||||||| ||und||
100 _aNull
245 0 _aHindi-Dardavij
260 _bMac Millian And Com. Ltd
300 _a141
650 _aHindi
942 _cBK
999 _c15992
_d15992